000 00468nab a2200145Ia 4500
003 ES-SlBCS
005 20210601130755.0
008 140529s1994 xxu||||| |||| 00| 0 fre d
041 _afre
100 1 _aKoninck, Thomas de
_947744
245 0 0 _aDe la dignité humaine ou: chaque être humain est unique au monde
_c Thomas De Koninck
650 0 4 _aDignidad Humana
_9131871
773 0 _tPresença Filosofica
_gvol. 19, nº. 1-2, 1994, págs. 65-79
_wRev966
942 _cAR
999 _c552154
_d552154